Applied engineering mechanics / (Record no. 544881)

000 -LEADER
fixed length control field 00410nam a22001457a 4500
082 00 - DEWEY DECIMAL CLASSIFICATION NUMBER
Classification number 620.1
Author Mark JEN
-- L-5, P-4
100 1# - MAIN ENTRY--PERSONAL NAME
Personal name Jensen, Alfred.
9 (RLIN) 40625
245 10 - TITLE STATEMENT
Title Applied engineering mechanics /
250 ## - EDITION STATEMENT
Edition statement 1st ed.
260 ## - PUBLICATION, DISTRIBUTION, ETC.
Place of publication, distribution, etc. New York :
Name of publisher, distributor, etc. McGraw-Hill,
Date of publication, distribution, etc. 1947
300 ## - PHYSICAL DESCRIPTION
Extent 316 p. :
Other physical details diagrs. ;
526 ## - STUDY PROGRAM INFORMATION NOTE
Program name 0
Interest level 0
Reading level 0
Title point value 620_100000000000000_JEN
526 ## - STUDY PROGRAM INFORMATION NOTE
Program name 0
Interest level 0
Reading level 0
Title point value 620_100000000000000_JEN
942 ## - ADDED ENTRY ELEMENTS (KOHA)
Source of classification or shelving scheme
Koha item type Book
Holdings
Withdrawn status Lost status Source of classification or shelving scheme Damaged status Not for loan Permanent Location Current Location Date acquired Total Checkouts Full call number Barcode Date last seen Price effective from Koha item type
          Military College of Engineering (MCE) Military College of Engineering (MCE) 05/14/2014   620.1 JEN MCE-29230 05/14/2014 03/14/2021 Book
          Military College of Engineering (MCE) Military College of Engineering (MCE) 05/14/2014   620.1 JEN MCE-29229 05/14/2014 05/14/2014 Book
© 2023 Central Library, National University of Sciences and Technology. All Rights Reserved.